000 01005nam a22002537a 4500
005 20170124103009.0
010 _aA-099424
020 _c16.00
035 _aA-099424
037 _bCen Lib/Ret
040 _aDPL
_bHN
082 _a
_bउपाध्या
100 _aउपाध्याय , रमेश
_97808
245 _aपैदल अंधेरे में /
_cरमेश उपाध्याय
246 _aPaidal andhere me /
_bby Ramesh Upadhyay
260 _aनयी दिल्ली
_bसामयिक प्रकाशन
_c1981
270 _a3543, जटवाडा, दरियागंज
_bनयी दिल्ली
_e110002
300 _a126पृ.
_c17सेमी (सजिल्द)
650 _aहिन्दी -- साहित्य
_956944
650 _aहिन्दी -- कहानी
_9779
650 _aHindi -- Literature
_956945
650 _aHindi -- story
_943117
942 _2ddc
_cHN
_h
_mउपाध्या
999 _c114467
_d114467